Курс истории ВКП(б). Гл. 9. Лекция 8: Советский Союз к концу восстановительного периода. Вопрос о социалистическом строительстве и победе социализма в нашей стране. XIV партконференция (Запись № 13630311)

Подробности
000 -МАРКЕР
контрольное поле 01154nam2a2200229 4500
001 - ИДЕНТИФИКАТОР ЗАПИСИ
контрольное поле rc\2998777
005 - ИДЕНТИФИКАТОР ВЕРСИИ
контрольное поле 20260315071248.0
035 ## - ДРУГИЕ СИСТЕМНЫЕ НОМЕРА
Идентификатор записи (NLR Aleph) 007207770
100 ## - ДАННЫЕ ОБЩЕЙ ОБРАБОТКИ
Данные общей обработки 20110919d1941 u y0rusy50 ca
101 0# - ЯЗЫК РЕСУРСА
Язык текста, звукозаписи и т.д. русский
102 ## - СТРАНА ПУБЛИКАЦИИ ИЛИ ПРОИЗВОДСТВА
Страна публикации Российская Федерация
105 ## - ПОЛЕ КОДИРОВАННЫХ ДАННЫХ: ТЕКСТОВЫЕ МАТЕРИАЛЫ, МОНОГРАФИЧЕСКИЕ
Кодированные данные о монографическом текстовом документе y j |||||
200 1# - ЗАГЛАВИЕ И СВЕДЕНИЯ ОБ ОТВЕТСТВЕННОСТИ
Основное заглавие Советский Союз к концу восстановительного периода. Вопрос о социалистическом строительстве и победе социализма в нашей стране. XIV партконференция
Сведения, относящиеся к заглавию Стенограмма лекции, прочитанной 8 марта 1941 года
210 ## - ПУБЛИКАЦИЯ, РАСПРОСТРАНЕНИЕ И ДР.
Дата издания, распространения и т.д. 1941
215 ## - ФИЗИЧЕСКАЯ ХАРАКТЕРИСТИКА
Специфическое обозначение материала и объем 25, [4] с.
461 #0 - УРОВЕНЬ НАБОРА
Встроенное поле 001rc\2998756
-- 2001#$aКурс истории ВКП(б)$fВысшая парт. школа при ЦК ВКП(б)$vГл. 9. Лекция 8
Системный номер (АБИС) связанной записи 7659309
Место публикации Москва
Дата публикации 1941
Первые сведения об ответственности Высшая парт. школа при ЦК ВКП(б)
Имя издателя, распространителя и т.д. Б. и.
Заглавие Курс истории ВКП(б)
Номер тома Гл. 9. Лекция 8
801 #0 - ИСТОЧНИК ЗАПИСИ
Страна Российская Федерация
Организация NLR
Правила каталогизации psbo
801 #1 - ИСТОЧНИК ЗАПИСИ
Страна Российская Федерация
Организация ELAR
Источник данных rusmarc
852 ## - МЕСТОНАХОЖДЕНИЕ И ШИФР ХРАНЕНИЯ
Идентификатор организации NLR
Шифр хранения (Call Number) Ип30 В-6/3
942 ## - ДОПОЛНИТЕЛЬНЫЕ ЭЛЕМЕНТЫ ЗАПИСИ (АБИС)
Тип экземпляра АБИС Неопределено
980 ## - КОЛЛЕКЦИЯ
Название коллекции Национальная библиография

Нет доступных экземпляров.